000 00340nam a2200145Ia 4500
100 _aShammas/Namir C
942 _cBK
654 _aFoundations of C++
245 _aFoundations of C++ and Object Oriented Prog
260 _bComdex Pub
_aNew Delhi
_c1996
082 _a5.133
_bSHA
300 _a784
546 _aENGLISH
999 _c25148
_d25148